The politics of reality television : (Record no. 19798)
[ view plain ]
| 000 -LEADER | |
|---|---|
| fixed length control field | 02802cam a2200325 i 4500 |
| 001 - CONTROL NUMBER | |
| control field | 16138395 |
| 003 - CONTROL NUMBER IDENTIFIER | |
| control field | EG-ScBUE |
| 005 - DATE AND TIME OF LATEST TRANSACTION | |
| control field | 20230315112453.0 |
| 008 - FIXED-LENGTH DATA ELEMENTS--GENERAL INFORMATION | |
| fixed length control field | 100316s2011 enka f b 001 0 eng d |
| 020 ## - INTERNATIONAL STANDARD BOOK NUMBER | |
| International Standard Book Number | 9780415588256 (pbk.) |
| 040 ## - CATALOGING SOURCE | |
| Original cataloging agency | DLC |
| Language of cataloging | eng |
| Description conventions | rda |
| Transcribing agency | DLC |
| Modifying agency | YDXCP |
| -- | BWK |
| -- | BWX |
| -- | MIA |
| -- | NYP |
| -- | U5D |
| -- | N15 |
| -- | CDX |
| -- | DLC |
| -- | EG-ScBUE |
| 082 04 - DEWEY DECIMAL CLASSIFICATION NUMBER | |
| Classification number | 791.4532 |
| Edition number | 22 |
| Item number | POL |
| 245 04 - TITLE STATEMENT | |
| Title | The politics of reality television : |
| Remainder of title | global perspectives / |
| Statement of responsibility, etc | edited by Marwan M. Kraidy, Katherine Sender. |
| 264 #1 - PUBLICATION, DISTRIBUTION, ETC. (IMPRINT) | |
| Place of publication, distribution, etc | Oxon ; |
| -- | New York : |
| Name of publisher, distributor, etc | Routledge / Taylor & Francis Group, |
| Date of publication, distribution, etc | 2011. |
| 300 ## - PHYSICAL DESCRIPTION | |
| Extent | xi, 225 pages : |
| Other physical details | illustrations ; |
| Dimensions | 24 cm. |
| 336 ## - CONTENT TYPE | |
| Source | rdacontent |
| Content type term | text |
| Content type code | txt |
| 337 ## - MEDIA TYPE | |
| Source | rdamedia |
| Media type term | unmediated |
| Media type code | n |
| 338 ## - CARRIER TYPE | |
| Source | rdacarrier |
| Carrier type term | volume |
| Carrier type code | nc |
| 490 0# - SERIES STATEMENT | |
| Series statement | Shaping inquiry in culture, communication and media studies |
| 504 ## - BIBLIOGRAPHY, ETC. NOTE | |
| Bibliography, etc | Includes bibliographical references and index.<br/> |
| 505 0# - FORMATTED CONTENTS NOTE | |
| Formatted contents note | Real worlds : migrating genres, travelling participants, shifting theories / Katherine Sender -- Producing identity. Introduction / Keren Tenenboim-Weinblatt -- Real-izing exploitation / Mark Andrejevic -- When reality TV is a job / Francois Jost -- Just be yourself -- only more so : ordinary celebrity in the era of self-service television / Laura Grindstaff -- Laboring the self. Introduction / Adrienne Shaw -- Governing bodies / Gareth Palmer -- Globalizing lifestyles? makeover television in Singapore / Tania Lewis -- Reacting to reality TV : the affective economy of an "extended social/public realm" / Helen Wood and Beverly Skeggs -- Performing the nation. Introduction / Oren Livio -- Commercial nationalism on Balkan reality television / Zala Volcic and Mark Andrejevic -- World citizens "a la Francaise : Star academy and the negotiations of "French" identities / Fabienne Darling-Wolf -- Reality television and the making of mobile publics : the case of Indian idol / Aswin Punathambekar -- Migrating economies. Introduction / Tara Liss-Marino -- New industry dynamics : lessons from reality TV in Norway / Yngvar Kjus -- -- Continental reality television and the expansion of South African capital / Sean Jacobs -- Making populations appear / Nick Couldry -- Reality television in new Worlds / Marwan Kraidy. |
| 520 8# - SUMMARY, ETC. | |
| Summary, etc | While the industrial history of the global migrations of reality television is well established, there has been less consideration of the theoretical & methodological implications of this expansion. This book considers ways in which these migrations test our understanding of reality television across the globe. |
| 650 #7 - SUBJECT ADDED ENTRY--TOPICAL TERM | |
| Topical term or geographic name as entry element | Reality television programs |
| General subdivision | Political aspects. |
| Source of heading or term | BUEsh |
| 651 ## - SUBJECT ADDED ENTRY--GEOGRAPHIC NAME | |
| Source of heading or term | BUEsh |
| 653 ## - INDEX TERM--UNCONTROLLED | |
| Resource For college | Communication and mass media |
| Arrived date list | June2015 |
| 655 ## - INDEX TERM--GENRE/FORM | |
| Form subdivision | Reading book |
| 700 1# - ADDED ENTRY--PERSONAL NAME | |
| Personal name | Kraidy, Marwan M., |
| Dates associated with a name | 1972- |
| Relator term | editor. |
| 700 1# - ADDED ENTRY--PERSONAL NAME | |
| Personal name | Sender, Katherine, |
| Relator term | editor. |
| 942 ## - ADDED ENTRY ELEMENTS (KOHA) | |
| Source of classification or shelving scheme | Dewey Decimal Classification |
| Koha item type | Book - Borrowing |
| Withdrawn status | Lost status | Source of classification or shelving scheme | Damaged status | Not for loan | Collection code | Home library | Current library | Shelving location | Date acquired | Source of acquisition | Cost, normal purchase price | Serial Enumeration / chronology | Total Checkouts | Full call number | Barcode | Date last seen | Date checked out | Cost, replacement price | Koha item type |
|---|---|---|---|---|---|---|---|---|---|---|---|---|---|---|---|---|---|---|---|
| Dewey Decimal Classification | Alahram | Central Library | Central Library | Second Floor | 22/06/2015 | 246.00 | 314 | 1 | 791.4532 POL | 000038713 | 15/07/2025 | 13/02/2017 | 307.50 | Book - Borrowing |